000 00462cam a2200193 4500
001 D13344
008 090401t1932 xxu||||| |||| 00| 0 eng d
035 _a(Sirsi) u9116
041 _aeng
100 _hMackenzie, William
245 _aMackenzie`s rating and valuation officers handbook
250 _a10th
260 _aLondon
_bButterworth
_c1932
350 _a0
520 _aShelf 118
700 _aPhillips, F.J.
942 _n0
948 _c04/03/1997
999 _c86603
_d86603